000 01015cam a22002891i 4500
003 OSt
005 20251015092803.0
008
020 _a9780323222051 (Hardcover)
_cUSD 45.00
040 _aNUST
_cNUST
_beng
_dNUST
_erda
050 _aREF R121 MOS
245 0 0 _aMosby's dictionary of medicine, nursing and health professions /
_cedited by Marie T. O'Toole.
250 _aTenth edition.
260 _aSt. Louis, Missouri :
_bElsevier,
_c©2017.
300 _axiv, A-43, 2005 pages :
_bIllustrations ;
_c26 cm.
336 _atext
_btxt
_2rdacontent
337 _aunmediated
_bn
_2rdamedia
338 _avolume
_bnc
_2rdacarrier
504 _aIncludes bibliographical references.
650 0 _aMedicine
_vDictionaries.
650 0 _aNursing
_vDictionaries.
650 2 _aMedicine.
650 2 _aNursing.
650 2 _aAllied health occupations.
700 _aO'Toole, Marie T.
_eEditor
942 _cREF
_kREF R
_mMOS
_2lcc
_eTenth Edition
_hREF R121 MOS
_n0
999 _c122026
_d122026